000 00504nam a2200181Ia 4500
003 OSt
005 20251111122402.0
008 250729s2005 xx 000 0 und d
040 _cAL
041 _akan
082 _a613 HIRA
100 _aಹಿರೇಮದ ಎಸ್ ರಾಜಶೇಖರ್
_9224235
245 _aಆರೋಗ್ಯ ಮತ್ತು ದೈಹಿಕ ಶಿಕ್ಷಣ
260 _aಗದಗ
_c2005
300 _a268p
650 _aPhysical Education
_9224236
942 _2ddc
_cBED
999 _c236309
_d236309